Online Catalogue and eLibrary

Manava himikam pilibanda handinveemak (Record no. 2469)

MARC details
000 -LEADER
fixed length control field 00416nam a2200157Ia 4500
005 - DATE AND TIME OF LATEST TRANSACTION
control field 20250620012534.0
008 - FIXED-LENGTH DATA ELEMENTS--GENERAL INFORMATION
fixed length control field 240331s9999 xx 000 0 und d
020 ## - INTERNATIONAL STANDARD BOOK NUMBER
ISBN 9559513613
082 ## - DDC Classification
Item Number - Author Mark DEC
Class No. 323
100 ## - MAIN ENTRY--PERSONAL NAME
Personal name De Costa, J
245 #0 - TITLE STATEMENT
Title Manava himikam pilibanda handinveemak
260 ## - PUBLICATION, DISTRIBUTION, ETC.
Place of publication, distribution, etc. Colombo
Name of publisher, distributor, etc. Jayatissa De Costa
Date of publication, distribution, etc. 1990
300 ## - PHYSICAL DESCRIPTION
Extent (e.g. Volumes, Pages etc.) 56 p .,
500 ## - GENERAL NOTE
General note A book An Introduction to Human Rights
942 ## - Koha item type (Biblio)
Koha item type Books in Stacks (Lending)
Holdings
Lost status Damaged status Collection code Home library Current library Shelving location Date acquired Full call number Accession Number Item type
    Lending WERC Library WERC Library Social Science Cupboard 03/31/2024 323.4 DEC 3332 Books in Stacks (Lending)

© WERC Library